| 000 | 00644nam a22001817a 4500 | ||
|---|---|---|---|
| 005 | 20100927123617.0 | ||
| 008 | 100927t xxu||||| |||| 00| 0 eng d | ||
| 020 |
_a81-7223-200-4 _c40.00 |
||
| 035 | _aA-726756 | ||
| 082 | _aS-TAY | ||
| 100 |
_aTaylor, P. J. O. _921955 |
||
| 245 |
_aThe rani of Jhansi / _cby P. J. O. Taylor ; illustrated by Tapas Guha |
||
| 260 |
_aNew Delhi _bAn Imprint of Harper Collins Publishers _c1995 |
||
| 300 |
_a63p. _b19cm (pbk) _cillu. |
||
| 700 |
_aGuha, Tapas _921956 |
||
| 942 |
_2ddc _cCH _hS-TAY |
||
| 999 |
_c47814 _d47814 |
||